Tracy Beaker Quiz - Statistics

General Stats
  • This quiz has been taken 533 times
  • The average score is 9 of 15
Answer Stats
Hint Answer % Correct
Her mum lives in "Hollywood" Tracy
96%
Youngest Wellard Roxy
81%
Used to be Tracy's best friend Louise
80%
Has an anger problem Crash
79%
Laugh out loud Lol
78%
Had a crush on Amber Bouncer
69%
Shares a birthday with Tracy Peter
68%
Author of the book series Jacqueline Wilson
65%
Lied about where he lived Ben
59%
Made a bedsit in the bathroom Dolly
56%
Tracy kissed him Wilson
43%
Cam married him Gary
40%
Silent kid Milly
39%
Her family live in America Jenny
16%
Justine's Cousin John
16%
No matching quizzes found
Score Distribution
Percent of People with Each Score
Percentile by Number Answered
Your Score History
You have not taken this quiz